00740nam a2200205Ia 4500003000900000008004100009020002200050040001600072080002300088245013200111260002300243300001000266650001800276650002300294650001600317700003800333942000700371999001700378952013900395IN-BaIIA211028s9999 xx 000 0 eng d a978-1-4614-8638-1 cIIA Library a(084.4)523.34bTHE 4aThe hatfield SCT lunar atlasbphotographic atlas for Meade, Celestron and other SCT telescopescedited by Anthony Charles Cook  aNew YorkbSpringer a219p. aAstronomy980 aMoon - maps929468 aPhysics973 aCook, Anthony Charles, ed.936334 cBK c19030d19030 00104070aBANbBANcGENd2015-04-30eSBA g2221.00l0o(084.4)523.34/ THEp19952r2021-11-05v2221.00w2015-04-30yBKGRs. 2221.00